000 01183nam a22003497a 4500
003 CHAP
005 20220817044057.0
008 060209d2005 it rn 00110 eng d
010 _a91655
011 _a92627
020 _a9250052928
035 _a103192
040 _cCHAP
082 0 4 _a639.2
_bF46 v.776
110 2 _aFAO
245 1 0 _aReport of the intergovernmental consultation on the establishment of a Southwest Indian Ocean Fisheries Commission
_c/by FAO
260 _aRome :
_bFAO,
_c2005.
300 _a78 p.
490 0 _aFAO. Informe de pesca
_v; 776
590 _aBATCH-UPD
_b10
_c20130110
_lUCH01
_h1045
590 _aBATCH-UPD
_b10
_c20130410
_lUCH01
_h0644
590 _aBATCH-UPD
_b10
_c20130914
_lUCH01
_h1349
590 _aCONVERSION
_b10
_c20130109
_lUCH01
_h1351
650 1 4 _aPesca marina.
_987438
650 1 4 _aPesca
_xOcéano Indico.
_987406
830 0 _aFAO. Informe de pesca
_v; 776
_939587
901 _aBK
905 _aAlejandra Carrasco M.
942 _cLIBRO
949 _a639.2 F46 v.776
_bBC
_cFAO
_d33724000969036
_eFAO2
_fc.2
_gDonaciØn
_h107096
_i103192
_sb
949 _a639.2 F46 v.776
_bBC
_cFAO
_d33724000969077
_eFAO1
_gDonaciØn
_h107095
_i103192
_sb
999 _c91655
_d91655